00501pab a2200157 454500008004000000100002100040245005700061260000900118300001100127362001400138650002400152773004000176909000900216999001500225952010300240180718b1986 xxu||||| |||| 00| 0 eng d aRajashekara, H.M aThe dynamics and changing country of U.S. Federalism c1986 a87-104 aJan.-Mar. aFederalism - U.S.A. aIndian Journal of Political Science a8441 c8441d8441 00104070aIIPAbIIPAd2018-07-19hVolume no: 47, Issue no: 1pAR8455r2018-07-19w2018-07-19yAR